| 000 | 00363nam a2200157Ia 4500 | ||
|---|---|---|---|
| 008 | 230711s9999||||xx |||||||||||||| ||und|| | ||
| 041 | _aENG | ||
| 082 |
_a720 _bSE-S |
||
| 100 | _aSerageldin Ismail | ||
| 245 | 0 | _aSpace for freedoms | |
| 250 | _a1st | ||
| 260 |
_c1977 _aNew York _bButterworth-Heinemann Ltd |
||
| 300 | _a304 | ||
| 650 | _aLiterature | ||
| 942 | _cBK | ||
| 999 |
_c754 _d754 |
||